书目信息 |
| 题名: |
解读建筑
|
|
| 作者: | 康卫 , 罗恩尼什 著 ;刘家瑞 译 | |
| 分册: | ||
| 出版信息: | 北京 电子工业出版社 2015.04 |
|
| 页数: | 274页 | |
| 开本: | 21cm | |
| 丛书名: | ||
| 单 册: | ||
| 中图分类: | TU-0 | |
| 科图分类: | ||
| 主题词: | 建筑学--jian zhu xue , 建筑史--jian zhu shi | |
| 电子资源: | ||
| ISBN: | 978-7-121-25836-7 | |
| 000 | 01500nam0 2200361 450 | |
| 001 | CAL 0120141391231 | |
| 005 | 20150825150912.54 | |
| 010 | @a978-7-121-25836-7@dCNY58.00 | |
| 100 | @a20150604d2015 em y0chiy50 ea | |
| 101 | 1 | @achi@ceng |
| 102 | @aCN@b110000 | |
| 105 | @aa a 000yy | |
| 106 | @ar | |
| 200 | 1 | @a解读建筑@Ajie du jian zhu@e建筑学与建筑史导论@f(英) Hazel Conway, Rowan Roenisch著@g刘家瑞译 |
| 210 | @a北京@c电子工业出版社@d2015.04 | |
| 215 | @a274页@c图@d21cm | |
| 305 | @a据原书第2版译出 | |
| 306 | @a由Taylor & Francis Group出版集团旗下的Routledge出版公司出版, 并经其授权翻译出版 | |
| 312 | @a英文题名取自书内 | |
| 314 | @aConway规范汉译姓: 康卫 Roenisch规范汉译姓: 罗恩尼什 | |
| 320 | @a有书目 (第269-274页) | |
| 330 | @a本书揭示气候、文化、社会、技术及当时当地的需要如何影响建筑, 以系统化方式呈现清晰的见解, 令人印象深刻地介绍了建筑学和建筑史。内容包括: 建筑与建造物、建筑史、空间与功能、材料和构造、外在、风格与时期、场地与地点等。 | |
| 500 | 10 | @aUnderstanding architecture : an introduction to architecture and architectural history@mChinese |
| 517 | 1 | @a建筑学与建筑史导论@Ajian zhu xue yu jian zhu shi dao lun |
| 586 | @a | |
| 606 | 0 | @a建筑学@Ajian zhu xue |
| 606 | 0 | @a建筑史@Ajian zhu shi |
| 690 | @aTU-0@v5 | |
| 701 | 1 | @a康卫@Akang wei@g(Conway, Hazel)@4著 |
| 701 | 1 | @a罗恩尼什@Aluo en ni shen@g(Roenisch, Rowan)@4著 |
| 702 | 0 | @a刘家瑞@Aliu jia rui@4译 |
| 801 | 0 | @aCN@c20150820 |
| 905 | @a河南城建学院图书馆@dTU-0@eK283@f3 | |
| 解读建筑:建筑学与建筑史导论/(英) Hazel Conway, Rowan Roenisch著/刘家瑞译.-北京:电子工业出版社,2015.04 |
| 274页:图;21cm |
| ISBN 978-7-121-25836-7:CNY58.00 |
| 本书揭示气候、文化、社会、技术及当时当地的需要如何影响建筑, 以系统化方式呈现清晰的见解, 令人印象深刻地介绍了建筑学和建筑史。内容包括: 建筑与建造物、建筑史、空间与功能、材料和构造、外在、风格与时期、场地与地点等。 |
| ● |
| 相关链接 |
|
|
|
正题名:解读建筑
索取号:TU-0/K283
 
预约/预借
| 序号 | 登录号 | 条形码 | 馆藏地/架位号 | 状态 | 备注 |
| 1 | 1223784 | 212237845 | 建筑库101/101建筑库 2排2列4层/ [索取号:TU-0/K283] | 在馆 | |
| 2 | 1223785 | 212237854 | 建筑库101/101建筑库 2排2列4层/ [索取号:TU-0/K283] | 在馆 | |
| 3 | 1223786 | 212237863 | 建筑库101/101建筑库 2排2列4层/ [索取号:TU-0/K283] | 在馆 |